<?xml version="1.0" encoding="UTF-8"?>
<record
    xmlns:xsi="http://www.w3.org/2001/XMLSchema-instance"
    xsi:schemaLocation="http://www.loc.gov/MARC21/slim http://www.loc.gov/standards/marcxml/schema/MARC21slim.xsd"
    xmlns="http://www.loc.gov/MARC21/slim">

  <leader>00592nam a2200229Ia 4500</leader>
  <controlfield tag="005">20230329143906.0</controlfield>
  <controlfield tag="008">230125s9999    xx            000 0 und d</controlfield>
  <datafield tag="020" ind1=" " ind2=" ">
    <subfield code="a">9788121922357</subfield>
  </datafield>
  <datafield tag="041" ind1=" " ind2=" ">
    <subfield code="a">eng</subfield>
  </datafield>
  <datafield tag="082" ind1=" " ind2=" ">
    <subfield code="a">332.1</subfield>
    <subfield code="b">KAN</subfield>
  </datafield>
  <datafield tag="100" ind1=" " ind2=" ">
    <subfield code="a">Kandasami K P</subfield>
    <subfield code="9">116308</subfield>
  </datafield>
  <datafield tag="245" ind1=" " ind2=" ">
    <subfield code="a">Banking Law and Practice</subfield>
  </datafield>
  <datafield tag="250" ind1=" " ind2=" ">
    <subfield code="a">Ed.4 th</subfield>
  </datafield>
  <datafield tag="260" ind1=" " ind2=" ">
    <subfield code="c">2013</subfield>
    <subfield code="b">S. Chand &amp; Company Ltd.</subfield>
    <subfield code="a">New Delhi</subfield>
  </datafield>
  <datafield tag="300" ind1=" " ind2=" ">
    <subfield code="a">273p</subfield>
  </datafield>
  <datafield tag="500" ind1=" " ind2=" ">
    <subfield code="a">Banking</subfield>
  </datafield>
  <datafield tag="650" ind1=" " ind2=" ">
    <subfield code="a">Banking</subfield>
    <subfield code="9">119034</subfield>
  </datafield>
  <datafield tag="700" ind1=" " ind2=" ">
    <subfield code="a">Kandasami K P; Natarajan S &amp; Parameswaran R</subfield>
    <subfield code="9">106307</subfield>
  </datafield>
  <datafield tag="906" ind1=" " ind2=" ">
    <subfield code="b">41.8</subfield>
  </datafield>
  <datafield tag="942" ind1=" " ind2=" ">
    <subfield code="c">BK</subfield>
  </datafield>
  <datafield tag="999" ind1=" " ind2=" ">
    <subfield code="c">93948</subfield>
    <subfield code="d">93948</subfield>
  </datafield>
  <datafield tag="952" ind1=" " ind2=" ">
    <subfield code="0">0</subfield>
    <subfield code="1">0</subfield>
    <subfield code="4">0</subfield>
    <subfield code="7">0</subfield>
    <subfield code="a">HIMR</subfield>
    <subfield code="b">HIMR</subfield>
    <subfield code="d">2016-02-23</subfield>
    <subfield code="e">Pritam Book Centre</subfield>
    <subfield code="g">190.00</subfield>
    <subfield code="i">9787</subfield>
    <subfield code="l">0</subfield>
    <subfield code="o">332.1 KAN B14001</subfield>
    <subfield code="p">HIMR-BK-14001</subfield>
    <subfield code="r">2023-01-25 00:00:00</subfield>
    <subfield code="v">148.20</subfield>
    <subfield code="w">2016-02-22</subfield>
    <subfield code="y">BK</subfield>
    <subfield code="z">B14001</subfield>
  </datafield>
  <datafield tag="952" ind1=" " ind2=" ">
    <subfield code="0">0</subfield>
    <subfield code="1">0</subfield>
    <subfield code="4">0</subfield>
    <subfield code="7">0</subfield>
    <subfield code="a">HIMR</subfield>
    <subfield code="b">HIMR</subfield>
    <subfield code="d">2016-02-23</subfield>
    <subfield code="e">Pritam Book Centre</subfield>
    <subfield code="g">190.00</subfield>
    <subfield code="i">9787</subfield>
    <subfield code="l">2</subfield>
    <subfield code="m">1</subfield>
    <subfield code="o">332.1 KAN B14002</subfield>
    <subfield code="p">HIMR-BK-14002</subfield>
    <subfield code="r">2026-03-16 13:34:43</subfield>
    <subfield code="s">2026-03-09</subfield>
    <subfield code="v">148.20</subfield>
    <subfield code="w">2016-02-22</subfield>
    <subfield code="y">BK</subfield>
    <subfield code="z">B14002</subfield>
  </datafield>
</record>
